MARC

LEADER 00000nas a2200000 4500
001 ssj0039139
003 WaSeSS
005 20200512172242.0
006 m d
007 cr n
008 780110c19709999nz qr p s ao 0 a0eng
010 |a  78640575  
016 7 |a 0165564  |2 DNLM 
016 7 |a F07230000  |z F07260000  |2 DNLM 
016 7 |a 008531953  |2 Uk 
022 |l 0015-4725  |y 0015-4725 
030 |a FLUOA4 
035 |a (WaSeSS)ssj0039139 
037 |b International Society for Fluoride Research Inc., 727 Brighton Rd., Ocean View, Dunedin 9035, N.Z. 
040 |a DLC  |b eng  |c DLC  |d NSD  |d DLC  |d OCL  |d SER  |d DLC  |d RCS  |d AIP  |d NST  |d MXC  |d DLC  |d NLM  |d OCLCQ  |d CUS  |d UKMGB  |d DLC  |d OCLCO  |d OCLCF  |d CUS  |d OCLCQ  |d RDF  |d OCLCQ  |d OCLCO  |d OCLCA  |d WaSeSS 
042 |a pcc  |a nsdp 
050 0 0 |a QP535.F1  |b F5 
060 0 0 |a W1  |b FL957 
082 0 4 |a 574.1/921 
210 0 |a Fluoride 
222 0 |a Fluoride 
245 0 0 |a Fluoride  |h [electronic resource]. 
260 |a [Detroit]  |b International Society for Fluoride Research. 
260 2 |3 <v. 8, no. 3 (July 1975)>-v. 23, no. 4 (Oct. 1990)  |a Warren, Mich. :  |b International Society for Fluoride Research 
260 2 |3 v. 24, no. 1 (winter 1991)-v, 31, no. 4 (Nov. 1998)  |a Auckland, N.Z. :  |b International Society for Fluoride Research 
260 3 |3 v. 32, no. 1 (Feb. 1999)-  |a Dunedin, N.Z. :  |b International Society for Fluoride Research 
362 0 |a v. 3, no. 3- July 1970- 
500 |a "Official quarterly journal of International Society for Fluoride Research." 
506 |a License restrictions may limit access. 
588 |a Latest issue consulted: Vol. 44, no. 3 (July/Sept. 2011). 
650 0 |a Fluorides  |x Physiological effect  |v Periodicals. 
650 0 |a Fluorides  |x Toxicology  |v Periodicals. 
650 7 |a Fluorides  |x Physiological effect.  |2 fast  |0 (OCoLC)fst00928142 
650 7 |a Fluorides  |x Toxicology.  |2 fast  |0 (OCoLC)fst00928146 
650 2 |a Fluorides. 
655 0 |a Electronic journals. 
710 2 |a International Society for Fluoride Research. 
780 0 0 |t Fluoride quarterly reports  |x 0370-5978  |w (DLC) 70004132  |w (OCoLC)1299564 
850 |a CSt  |a CU-AM  |a DLC  |a IaAS  |a MiDW  |a MiDW-M  |a NcU-H  |a PU  |a PU-Med 
856 4 0 |z Full text available from Research Library: 01/01/2015 to present  |u https://search.proquest.com/publication/2045919